000 006010000a22001810004500
041 0 _aSPA
082 0 4 _aG 266.0092 I243m
100 1 _aIglesias, Margaret
245 1 0 _aMensajero al pueblo dorado : Lonnie Iglesias de las Islas San Blas / Margarita G. Iglesias ; Olivia S. D. de Lerín, Traductor
260 _aEl Paso, TX., USA : Casa Bautista de Publicaciones
300 _a64 Pag
500 _aTítulo original : Messenger to the golden people
001 7607
942 _cBK
999 _c37814
_d37814
336 _atexto
_btxt
_2rdacontent
337 _2rdamedia
_asin mediación
_bn
338 _2rdacarrier
_avolumen
_bnc